000 00697nam a2200253Ia 4500
003 OSt
005 20221005101719.0
006 a|||||r|||| 00| 0
007 ta
008 221004b |||||||| |||| 00| 0 mal d
020 _c8.00
024 _a58607
037 _cTextual
040 _aCRL
_cCRL
_bmal
041 _2mal
_amal
082 _aQ23:417x5,1, 32M1
100 _aNair Thiruvallam Bhaskaran Au.
_9622555
245 0 _aTriuvachagam
260 _aTrivandrum
_bKerala Vidya peetam
_c1981
300 _a128p.
_ccm.
650 _aREGIONALISM
_9222849
942 _hQ23:417x5,1, 32M1
_cTEXL
_2cc
999 _c1007275
_d1007275